Belleza y bienestar / (Registro nro. 3943)
[ vista simple ]
| 000 -LEADER | |
|---|---|
| fixed length control field | 01166nam a2200277Ia 4500 |
| 003 - CONTROL NUMBER IDENTIFIER | |
| control field | OSt |
| 005 - DATE AND TIME OF LATEST TRANSACTION | |
| control field | 20201006100036.0 |
| 008 - FIXED-LENGTH DATA ELEMENTS--GENERAL INFORMATION | |
| fixed length control field | 191128s2014 ck ao gr 000 0 spa d |
| 020 ## - INTERNATIONAL STANDARD BOOK NUMBER | |
| International Standard Book Number | 9788466227773 |
| 040 ## - CATALOGING SOURCE | |
| Original cataloging agency | CO-JMCR |
| Transcribing agency | CO-JMCR |
| 041 0# - LANGUAGE CODE | |
| Language code of text/sound track or separate title | spa |
| 082 04 - DEWEY DECIMAL CLASSIFICATION NUMBER | |
| Classification number | 646.7 / |
| Item number | F363b |
| Edition number | 23 |
| 100 1# - MAIN ENTRY--PERSONAL NAME | |
| Personal name | Fernández, Carmen, |
| Relator term | autor |
| 9 (RLIN) | 11283 |
| 245 10 - TITLE STATEMENT | |
| Title | Belleza y bienestar / |
| Statement of responsibility, etc. | Carmen Fernández |
| 250 ## - EDITION STATEMENT | |
| Edition statement | Edición especial |
| 260 ## - PUBLICATION, DISTRIBUTION, ETC. | |
| Place of publication, distribution, etc. | Bogotá : |
| Name of publisher, distributor, etc. | Libsa, |
| Date of publication, distribution, etc. | 2014. |
| 300 ## - PHYSICAL DESCRIPTION | |
| Extent | 159 páginas : |
| Other physical details | fotografías ; |
| Dimensions | 27 cm. |
| 490 0# - SERIES STATEMENT | |
| Series statement | Leer es mi cuento |
| 505 0# - FORMATTED CONTENTS NOTE | |
| Formatted contents note | Baño vital -- Naturaleza en la piel -- Tratamientos corporales -- Ambientes para el relax -- Momentos para compartir -- Un hogar natural -- Tratamientos naturales |
| 520 0# - SUMMARY, ETC. | |
| Summary, etc. | Si la tensión laboral, el ruido y la prisa han tomado en cierto modo nuestras vidas, no es tan difícil hacer un ejercicio de liberación de cuerpo y mente si se aprenden algunos trucos. Este libro ofrece más de 50 tratamientos naturales. |
| 650 24 - SUBJECT ADDED ENTRY--TOPICAL TERM | |
| Topical term or geographic name entry element | Belleza personal |
| 9 (RLIN) | 384 |
| 650 24 - SUBJECT ADDED ENTRY--TOPICAL TERM | |
| Topical term or geographic name entry element | Autocuidado en salud |
| 9 (RLIN) | 11284 |
| 650 24 - SUBJECT ADDED ENTRY--TOPICAL TERM | |
| Topical term or geographic name entry element | Botánica médica |
| 9 (RLIN) | 11285 |
| 650 24 - SUBJECT ADDED ENTRY--TOPICAL TERM | |
| Topical term or geographic name entry element | Cosmética |
| 9 (RLIN) | 11286 |
| 942 ## - ADDED ENTRY ELEMENTS (KOHA) | |
| Source of classification or shelving scheme | Dewey Decimal Classification |
| Koha item type | Books |
| Withdrawn status | Lost status | Source of classification or shelving scheme | Materials specified (bound volume or other part) | Damaged status | Not for loan | Home library | Current library | Shelving location | Date acquired | Source of acquisition | Total Checkouts | Full call number | Barcode | Date last seen | Date last checked out | Copy number | Price effective from | Koha item type |
|---|---|---|---|---|---|---|---|---|---|---|---|---|---|---|---|---|---|---|
| Dewey Decimal Classification | Donación--06/08/2018-- | Biblioteca Pública José María del Castillo y Rada | Biblioteca Pública José María del Castillo y Rada | General Stacks | 11/28/2019 | Donación | 7 | 646.7 / F363b | 201808742 | 04/08/2026 | 04/08/2026 | Ej.1 | 11/28/2019 | Books |